|
|
|
|
| LEADER |
00000nam a22000005a 4500 |
| 001 |
15014 |
| 003 |
CL-ChBUA |
| 005 |
20120815103537.0 |
| 008 |
070301s1998 xxu 000 0 spa |
| 020 |
|
|
|a 0767333918
|
| 040 |
|
|
|a CL-ChBUA
|c CL-ChBUA
|
| 082 |
0 |
0 |
|a 241.4
|
| 090 |
|
|
|c 15014
|d 15014
|
| 100 |
1 |
|
|a Smalley, Gary.
|
| 245 |
1 |
0 |
|a Amémonos siempre
|
| 260 |
|
|
|b Betania.
|a Nashville.
|c c1998.
|
| 300 |
|
|
|a 220 p.
|c 26 cm.
|
| 504 |
|
|
|a Indice.
|
| 650 |
|
4 |
|a AMOR.
|
| 650 |
|
4 |
|a MATRIMONIO.
|
| 942 |
|
|
|c LIB
|
| 952 |
|
|
|0 0
|1 0
|4 0
|7 0
|9 21027
|a UNACH
|b UNACH
|c 200
|d 2007-03-05
|i 34.642.
|l 1
|o 241.4 / Sm 635.
|p 22026
|r 2024-10-24 00:00:00
|s 2012-10-29
|u 21027
|w 2012-08-08
|y LIB
|k 241.4 / Sm 635.
|
| 999 |
|
|
|c 15014
|d 15014
|